| 000 | 005590000a22001690004500 | ||
|---|---|---|---|
| 090 |
_aAR _b01892 |
||
| 245 | 1 | 0 | _aOccurrence of the mangrove, Pelliciera Rhizophorae, on the caribbean coast of Colombia with biogeographical notes |
| 041 | 0 | _aInglés | |
| 650 | 1 | 4 |
_aEndemismo _948559 |
| 650 | 1 | 4 |
_aEstatus taxonómico _995350 |
| 650 | 1 | 4 |
_aBiogeografía _992747 |
| 651 | 4 |
_pColombia _992749 |
|
| 653 |
_fTheaceae _gPelliciera |
||
| 100 | 1 |
_aCalderón Sáez, Eduardo _91494 |
|
| 942 | _cARTICULO | ||
| 773 | 1 |
_tBulletin of Marine Science _3158 _h1 _q105-110 _d1984 _g35 |
|
| 999 |
_c10969 _d10969 |
||